000 00926nam a2200277Ia 4500
003 OSt
005 20221005111132.0
006 a|||||r|||| 00| 0
007 ta
008 221004b |||||||| |||| 00| 0 hin d
020 _a8155706880 (hbk)
_c450
024 _a11870
037 _b342, 20/03/2014, Vani Prakashan
_cTextual
040 _aCRL
_cCRL
_bhin
041 _2hin
_ahin
082 _aO152,6N5211x, P5
100 _aउदय प्रकाश
245 0 _aईश्वर की आंख
246 _aĪshvar kī āankha
250 _a2 संस्करण
260 _aनई दिल्ली
_bवाणी प्रकाशन भारत
_c2005
300 _a401पृ0
_ccm.
650 _aहिन्दी साहित्य
942 _hO152,6N5211x, P5
_cTEXL
_2cc
999 _c1020921
_d1020921